[Event "Vladivostok Meridian op rap"]
[Site "Vladivostok"]
[Date "2015.07.20"]
[Round "10"]
[White "Babiy, Anatoly"]
[Black "Sek, Konstantin"]
[Result "1/2-1/2"]
[WhiteElo "2412"]
[BlackElo "2432"]
[PlyCount "137"]
[EventDate "2015.07.18"]
[EventType "swiss (rapid)"]
[EventRounds "11"]
[EventCountry "RUS"]
[SourceTitle "EXT 2016"]
[Source "ChessBase"]
[SourceDate "2015.10.08"]
[SourceVersion "1"]
[SourceVersionDate "2015.10.08"]
[SourceQuality "1"]

1. Nf3 Nf6 2. d4 e6 3. Bg5 h6 4. Bh4 d6 5. e3 g5 6. Bg3 Nh5 7. Be2 Bg7 8. 0-0 0-0 9. c3 f5 10. Ne1 Nxg3 11. hxg3 Nd7 12. Nd2 Kh8 13. Qb3 e5 14. dxe5 Nxe5 15. Nef3 Qf6 16. Nxe5 dxe5 17. Rad1 b6 18. Qc4 c5 19. g4 Be6 20. Qa4 Qg6 21. gxf5 Bxf5 22. e4 Bc8 23. Qc2 g4 24. Nc4 Be6 25. Ne3 h5 26. Bc4 Bxc4 27. Nxc4 h4 28. Rd6 Qh5 29. Qe2 Rf4 30. Rfd1 Qg5 31. Qd2 Raf8 32. Rd8 g3 33. Rxf8+ Bxf8 34. f3 h3 35. gxh3 Qh5 36. Qg2 Rxf3 37. Rf1 Rxf1+ 38. Qxf1 Bh6 39. Qf6+ Bg7 40. Qf1 Qg5 41. Kg2 b5 42. Na5 Qd2+ 43. Kxg3 Qxb2 44. Qd3 Qc1 45. Qxb5 Qf4+ 46. Kg2 Qxe4+ 47. Kf2 Qc2+ 48. Kf1 Qc1+ 49. Kg2 Qd2+ 50. Kf1 Qf4+ 51. Ke2 Qh2+ 52. Kd1 Qh1+ 53. Kc2 Qxh3 54. Qxc5 Qg2+ 55. Kb3 e4 56. Nc4 Qf3 57. Ne3 Qf7+ 58. Qd5 Qf3 59. Nf5 Qxc3+ 60. Ka4 Qc2+ 61. Ka5 Bc3+ 62. Ka6 Qd3+ 63. Qxd3 exd3 64. Kb5 d2 65. Ne3 Kg7 66. Kc4 Ba5 67. Kd3 Kf6 68. Kc2 Ke6 69. Nc4 1/2-1/2

[Event "Vladivostok Meridian op rap"]
[Site "Vladivostok"]
[Date "2015.07.19"]
[Round "8"]
[White "Shomoev, Anton"]
[Black "Babiy, Anatoly"]
[Result "1-0"]
[WhiteElo "2578"]
[BlackElo "2412"]
[PlyCount "43"]
[EventDate "2015.07.18"]
[EventType "swiss (rapid)"]
[EventRounds "11"]
[EventCountry "RUS"]
[SourceTitle "EXT 2016"]
[Source "ChessBase"]
[SourceDate "2015.10.08"]
[SourceVersion "1"]
[SourceVersionDate "2015.10.08"]
[SourceQuality "1"]

1. e4 c5 2. Nf3 e6 3. d4 cxd4 4. Nxd4 a6 5. Be2 Nf6 6. Nc3 Qc7 7. 0-0 Nc6 8. Be3 Be7 9. f4 d6 10. a4 0-0 11. Kh1 Rb8 12. a5 Nxa5 13. e5 Ne8 14. Bd3 g6 15. Qf3 Nc6 16. Qg3 Ng7 17. Ne4 Nxd4 18. exd6 Bxd6 19. Nf6+ Kh8 20. Bxd4 e5 21. Qh4 h5 22. Qg5 1-0

[Event "Vladivostok Meridian op rap"]
[Site "Vladivostok"]
[Date "2015.07.19"]
[Round "5"]
[White "Zheltov, Roman"]
[Black "Babiy, Anatoly"]
[Result "0-1"]
[WhiteElo "2102"]
[BlackElo "2412"]
[PlyCount "122"]
[EventDate "2015.07.18"]
[EventType "swiss (rapid)"]
[EventRounds "11"]
[EventCountry "RUS"]
[SourceTitle "EXT 2016"]
[Source "ChessBase"]
[SourceDate "2015.10.08"]
[SourceVersion "1"]
[SourceVersionDate "2015.10.08"]
[SourceQuality "1"]

1. d4 d5 2. Nf3 c6 3. c4 Nf6 4. Qb3 e6 5. Nc3 Qb6 6. c5 Qc7 7. g3 b6 8. Bf4 Qb7 9. cxb6 axb6 10. Bg2 Be7 11. 0-0 0-0 12. Ne5 Nbd7 13. Rfc1 Nxe5 14. Bxe5 Nd7 15. Bf4 Bf6 16. e3 e5 17. dxe5 Nxe5 18. Bxe5 Bxe5 19. Ne2 Rd8 20. Qc2 c5 21. Rd1 Be6 22. Nf4 Bxf4 23. gxf4 g6 24. Rd2 Rd7 25. a3 Qc7 26. Rc1 Rad8 27. Rcd1 d4 28. exd4 Qxf4 29. d5 Bf5 30. Qc3 Re7 31. Qg3 Qd6 32. Qxd6 Rxd6 33. b4 cxb4 34. axb4 Rc7 35. Rd4 Kf8 36. Bf1 Ke7 37. Re1+ Kf6 38. f4 Re7 39. Rxe7 Kxe7 40. Kf2 Rd8 41. Ke3 Kd6 42. Bg2 Re8+ 43. Kf2 Ra8 44. Rc4 Bd7 45. Rc2 Ra4 46. Rb2 Ra3 47. Bf3 Bb5 48. h4 Bc4 49. Rb1 Rd3 50. h5 Bxd5 51. Bxd5 Rxd5 52. hxg6 hxg6 53. Ke3 Kc6 54. Ke4 Rf5 55. Rd1 Rf6 56. Rd4 Re6+ 57. Kf3 Rd6 58. Re4 f6 59. Ke3 Kb5 60. Re8 Kxb4 61. Rg8 f5 0-1

[Event "Vladivostok Meridian op rap"]
[Site "Vladivostok"]
[Date "2015.07.18"]
[Round "3"]
[White "Maletin, Pavel"]
[Black "Babiy, Anatoly"]
[Result "0-1"]
[WhiteElo "2583"]
[BlackElo "2412"]
[PlyCount "118"]
[EventDate "2015.07.18"]
[EventType "swiss (rapid)"]
[EventRounds "11"]
[EventCountry "RUS"]
[SourceTitle "EXT 2016"]
[Source "ChessBase"]
[SourceDate "2015.10.08"]
[SourceVersion "1"]
[SourceVersionDate "2015.10.08"]
[SourceQuality "1"]

1. c4 c5 2. Nf3 b6 3. e4 Bb7 4. Nc3 e6 5. d4 cxd4 6. Nxd4 a6 7. Be2 Nf6 8. f3 Qc7 9. Be3 Bd6 10. g3 Be7 11. 0-0 0-0 12. Rc1 d6 13. b4 Nbd7 14. Nb3 Rac8 15. Qd2 Qb8 16. a3 Bd8 17. Rfd1 Bc7 18. Bf2 Rfe8 19. Na4 h6 20. Bf1 Qa8 21. Nd4 Ne5 22. Be2 Red8 23. Nb2 Qb8 24. Qe3 Re8 25. Qb3 Kh8 26. Nd3 Nxd3 27. Bxd3 Bd8 28. Bf1 Be7 29. Nc2 Kg8 30. Ne3 Bf8 31. Rc2 Qc7 32. Rcd2 Nd7 33. Qb1 Ne5 34. Be2 Red8 35. f4 Nd7 36. Bf3 Nf6 37. Bg2 Qb8 38. Rd4 Re8 39. h3 b5 40. cxb5 axb5 41. Nf1 Qa8 42. g4 e5 43. fxe5 dxe5 44. Rd5 Nxd5 45. exd5 Red8 46. Qb3 Rc4 47. Ne3 Rd4 48. Re1 g6 49. Bg3 Bg7 50. Rf1 Rd7 51. Rc1 e4 52. Bf2 Rd3 53. Qc2 Bxd5 54. Qc8+ Qxc8 55. Rxc8+ Kh7 56. Nxd5 R3xd5 57. Bxe4 Re5 58. Bc2 Re2 59. Bb3 Rb2 0-1

[Event "Vladivostok Meridian op rap"]
[Site "Vladivostok"]
[Date "2014.07.19"]
[Round "5"]
[White "Babiy, Anatoly"]
[Black "Yanchenko, Roman"]
[Result "0-1"]
[WhiteElo "2412"]
[BlackElo "2311"]
[PlyCount "89"]
[EventDate "2014.07.18"]
[EventType "swiss (rapid)"]
[EventRounds "11"]
[EventCountry "RUS"]
[SourceTitle "CBM 161 Extra"]
[Source "ChessBase"]
[SourceDate "2014.08.29"]
[SourceVersion "1"]
[SourceVersionDate "2014.08.29"]
[SourceQuality "1"]

1. Nf3 d5 2. d4 Nf6 3. c4 c6 4. Nc3 e6 5. e3 Bd6 6. Qc2 Nbd7 7. Be2 h6 8. 0-0 0-0 9. b3 Qe7 10. Bb2 b6 11. Rad1 Bb7 12. e4 dxe4 13. Nxe4 Nxe4 14. Qxe4 Nf6 15. Qh4 Rad8 16. Ne5 Nd7 17. Qxe7 Bxe7 18. Bf3 Nxe5 19. dxe5 Bc5 20. Rfe1 a5 21. a3 Rfe8 22. Kf1 Kf8 23. g3 Ke7 24. Be4 Rd7 25. Rxd7+ Kxd7 26. Rd1+ Kc7 27. a4 Bc8 28. Ke2 Bd7 29. Rc1 Rd8 30. Bc3 Be8 31. Rd1 Rxd1 32. Kxd1 Bxf2 33. Ke2 Bg1 34. h4 Bc5 35. Kf3 Be7 36. Bd4 f5 37. exf6 gxf6 38. Be3 h5 39. Bh7 c5 40. Bf4+ e5 41. Bh6 Bd7 42. Ke4 Bg4 43. Bf5 Bd1 44. g4 hxg4 45. Bd2 0-1

[Event "Vladivostok Russian Cup"]
[Site "Vladivostok"]
[Date "2012.09.24"]
[Round "8"]
[White "Babiy, Anatoly"]
[Black "Yakovich, Yuri"]
[Result "0-1"]
[WhiteElo "2438"]
[BlackElo "2525"]
[PlyCount "72"]
[EventDate "2012.09.17"]
[EventType "swiss"]
[EventRounds "9"]
[EventCountry "RUS"]
[SourceTitle "CBM 150 Extra"]
[Source "ChessBase"]
[SourceDate "2012.10.19"]
[SourceVersion "1"]
[SourceVersionDate "2012.10.19"]
[SourceQuality "1"]

1. d4 Nf6 2. Nf3 d5 3. c4 e6 4. e3 a6 5. Qc2 b6 6. Nbd2 Bb7 7. cxd5 exd5 8. Be2 Bd6 9. 0-0 0-0 10. b3 Nbd7 11. Bb2 Qe7 12. Rfc1 Rac8 13. Qd1 Ne4 14. Qf1 b5 15. a4 c6 16. Nxe4 dxe4 17. Nd2 f5 18. g3 Nf6 19. Nb1 g5 20. Ba3 b4 21. Bb2 f4 22. Qe1 f3 23. Bf1 h5 24. Nd2 h4 25. Rc5 Bxc5 26. dxc5 hxg3 27. hxg3 Qh7 28. Bc4+ Kg7 29. Nxe4 Qxe4 30. Qxb4 Rc7 31. Rd1 Bc8 32. Qc3 Rd7 33. Bd3 Qe6 34. Re1 Rxd3 35. Qxd3 Qh3 36. Qf1 Rh8 0-1

[Event "RUS-chT2"]
[Site "Sochi"]
[Date "2008.04.06"]
[Round "4"]
[White "Babiy, Anatoly"]
[Black "Kostin, Alexey"]
[Result "1-0"]
[WhiteElo "2452"]
[BlackElo "2389"]
[PlyCount "81"]
[EventDate "2008.04.03"]
[EventType "team"]
[EventRounds "9"]
[EventCountry "RUS"]
[SourceTitle "CBM 123 Extra"]
[Source "ChessBase"]
[SourceDate "2008.05.06"]
[SourceVersion "1"]
[SourceVersionDate "2008.05.06"]
[SourceQuality "1"]

1. d4 Nf6 2. Nf3 e6 3. c4 c5 4. d5 exd5 5. cxd5 d6 6. Nc3 g6 7. e4 Bg7 8. Bb5+ Bd7 9. a4 0-0 10. 0-0 Bg4 11. Re1 Nbd7 12. Bf4 a6 13. Be2 Re8 14. Qc2 Qe7 15. h3 Bxf3 16. Bxf3 Rac8 17. a5 c4 18. Ra4 Ne5 19. Be2 Nfd7 20. Rb4 Rc7 21. Bg3 Rec8 22. Na4 Nc5 23. Bxe5 Bxe5 24. Nb6 Re8 25. Rxc4 Qh4 26. Bf1 Rce7 27. b4 Nd7 28. Nc8 Nf6 29. Nxe7+ Rxe7 30. Qd3 Bh2+ 31. Kxh2 Ng4+ 32. Kg1 Qxf2+ 33. Kh1 Qxe1 34. hxg4 h5 35. Kg1 hxg4 36. Qc3 Qxc3 37. Rxc3 Rxe4 38. Rc4 Re7 39. Rxg4 Kg7 40. Kf2 f5 41. Rc4 1-0

[Event "RUS-chT2"]
[Site "Sochi"]
[Date "2008.04.05"]
[Round "3"]
[White "Babiy, Anatoly"]
[Black "Moiseenko, Vladimir1111"]
[Result "1-0"]
[WhiteElo "2452"]
[BlackElo "2409"]
[PlyCount "77"]
[EventDate "2008.04.03"]
[EventType "team"]
[EventRounds "9"]
[EventCountry "RUS"]
[SourceTitle "CBM 123 Extra"]
[Source "ChessBase"]
[SourceDate "2008.05.06"]
[SourceVersion "1"]
[SourceVersionDate "2008.05.06"]
[SourceQuality "1"]

1. d4 Nf6 2. Nf3 g6 3. Bf4 Bg7 4. e3 0-0 5. h3 d6 6. Be2 Nbd7 7. c3 Qe8 8. 0-0 e5 9. dxe5 dxe5 10. Bh2 Qe7 11. Qc2 b6 12. Nbd2 Bb7 13. a4 a6 14. Rfe1 Rfd8 15. Bc4 Ne8 16. e4 Nd6 17. Bd5 c6 18. Ba2 b5 19. c4 bxa4 20. c5 Nb5 21. Rec1 a3 22. bxa3 Nd4 23. Nxd4 exd4 24. Bd6 Qf6 25. Rab1 Bc8 26. Nf3 d3 27. Qc4 Bh6 28. Rd1 a5 29. e5 Qg7 30. Qe4 Nb8 31. g4 Bf5 32. Qd4 Be6 33. Bxe6 fxe6 34. g5 Qf7 35. Rxd3 Bg7 36. Qe4 Na6 37. Nh2 Qd7 38. Rdb3 Bf8 39. Ng4 1-0

[Event "Ilichevsk Sunny Pawn op"]
[Site "Ilichevsk"]
[Date "2007.07.28"]
[Round "8"]
[White "Akulov, Leonid"]
[Black "Babiy, Anatoly"]
[Result "1-0"]
[WhiteElo "2194"]
[BlackElo "2452"]
[PlyCount "89"]
[EventDate "2007.07.20"]
[EventType "swiss"]
[EventRounds "11"]
[EventCountry "UKR"]
[SourceTitle "CBM 119 Extra"]
[Source "ChessBase"]
[SourceDate "2007.09.04"]
[SourceVersion "1"]
[SourceVersionDate "2007.09.04"]
[SourceQuality "1"]

1. Nf3 Nf6 2. c4 g6 3. b3 Bg7 4. Bb2 0-0 5. e3 e6 6. d3 d5 7. Nbd2 c5 8. Qc2 b6 9. a3 Bb7 10. Be2 Nc6 11. 0-0 Re8 12. cxd5 Qxd5 13. Ne4 e5 14. Nfg5 Nxe4 15. dxe4 Qd8 16. Nf3 Qe7 17. Bc4 Na5 18. Be2 Rac8 19. Nd2 Qh4 20. Bc3 Nc6 21. Bc4 Ne7 22. f4 Nc6 23. Nf3 Qe7 24. Nxe5 Nxe5 25. fxe5 Rf8 26. e6 f6 27. Rad1 Rc7 28. Qd3 Kh8 29. Be1 b5 30. Bd5 Ba6 31. Bg3 Rcc8 32. Qd2 b4 33. Rf2 Rcd8 34. axb4 cxb4 35. Qd4 Bc8 36. Ra1 a6 37. Qc4 f5 38. Raf1 Rde8 39. exf5 Rxf5 40. Bh4 Qd6 41. Rxf5 gxf5 42. e7 Bf6 43. Bf7 Bxh4 44. Bxe8 Be6 45. Qxh4 1-0

[Event "Ilichevsk Sunny Pawn op"]
[Site "Ilichevsk"]
[Date "2007.07.25"]
[Round "6"]
[White "Kurochkin, Valery"]
[Black "Babiy, Anatoly"]
[Result "1/2-1/2"]
[WhiteElo "2152"]
[BlackElo "2452"]
[PlyCount "69"]
[EventDate "2007.07.20"]
[EventType "swiss"]
[EventRounds "11"]
[EventCountry "UKR"]
[SourceTitle "CBM 119 Extra"]
[Source "ChessBase"]
[SourceDate "2007.09.04"]
[SourceVersion "1"]
[SourceVersionDate "2007.09.04"]
[SourceQuality "1"]

1. d4 Nf6 2. Nf3 d5 3. c4 e6 4. Nc3 Nbd7 5. Bg5 Be7 6. e3 0-0 7. Bd3 c6 8. 0-0 h6 9. Bh4 dxc4 10. Bxc4 b5 11. Bd3 Bb7 12. Bxf6 Nxf6 13. Rc1 a6 14. Ne4 Nd7 15. Qe2 Qb6 16. Qc2 Rfd8 17. Rfd1 a5 18. Nc5 Nxc5 19. dxc5 Qc7 20. g4 Rd5 21. Bh7+ Kh8 22. Rxd5 cxd5 23. Bd3 Rc8 24. c6 Qxc6 25. Qxc6 Rxc6 26. Rxc6 Bxc6 27. Nd4 Be8 28. Nxb5 Bxb5 29. Bxb5 Bf6 30. b3 Kg8 31. Kf1 Kf8 32. Ke2 Bb2 33. Kd3 Ke7 34. Kc2 Ba3 35. Kd3 1/2-1/2

[Event "RUS-chT2 13th"]
[Site "Sochi"]
[Date "2006.04.27"]
[Round "8"]
[White "Lysyj, Igor"]
[Black "Babiy, Anatoly"]
[Result "1-0"]
[WhiteElo "2527"]
[BlackElo "2474"]
[PlyCount "115"]
[EventDate "2006.04.20"]
[EventType "team"]
[EventRounds "11"]
[EventCountry "RUS"]
[SourceTitle "EXT 2007"]
[Source "ChessBase"]
[SourceDate "2006.11.23"]
[SourceVersion "1"]
[SourceVersionDate "2006.11.23"]
[SourceQuality "1"]

1. d4 Nf6 2. c4 e6 3. Nf3 b6 4. Bf4 Bb7 5. e3 Bb4+ 6. Nfd2 0-0 7. a3 Be7 8. Nc3 d5 9. cxd5 exd5 10. Be2 c5 11. Nf3 Na6 12. 0-0 Nc7 13. dxc5 bxc5 14. Qb3 Qc8 15. Rfd1 Rd8 16. Rac1 Rb8 17. Qa4 Ra8 18. Qa5 Ne6 19. Be5 Qc6 20. Na4 c4 21. Nd4 Nxd4 22. Bxd4 Ne4 23. Nc3 Ng5 24. Rd2 h6 25. Rcd1 Rd6 26. Qb5 Qc8 27. Be5 Rb6 28. Nxd5 Re6 29. Nxe7+ Rxe7 30. Bd6 Re4 31. Bg3 Bc6 32. Rd8+ Qxd8 33. Rxd8+ Rxd8 34. Qxc6 Rd2 35. h4 Rxe2 36. hxg5 Re6 37. Qxc4 Rxb2 38. Bf4 hxg5 39. Bxg5 a6 40. g3 Rb5 41. Bf4 Rbb6 42. Kg2 Rec6 43. Qd5 Rc8 44. g4 Rg6 45. Kf3 Rc3 46. a4 Ra3 47. Qc4 Ra1 48. g5 Re6 49. e4 Rg1 50. Be3 Rh1 51. Qc8+ Kh7 52. Qf8 Kg6 53. Bd4 Rh3+ 54. Kg2 Rh7 55. f3 Rc6 56. Kg3 Re6 57. Kg4 a5 58. f4 1-0

[Event "Primorie-ch PL"]
[Site "Vladivostok"]
[Date "2006.??.??"]
[Round "3"]
[White "Babiy, Anatoly"]
[Black "Vitinik, Mikhail"]
[Result "1/2-1/2"]
[WhiteElo "2452"]
[BlackElo "2374"]
[PlyCount "72"]
[EventDate "2006.12.02"]
[EventType "swiss"]
[EventRounds "9"]
[EventCountry "RUS"]
[SourceTitle "EXT 2019"]
[Source "ChessBase"]
[SourceDate "2018.10.10"]
[SourceVersion "1"]
[SourceVersionDate "2018.10.10"]
[SourceQuality "1"]

1. Nf3 c5 2. c4 Nc6 3. d4 cxd4 4. Nxd4 g6 5. g3 Bg7 6. Nc2 d6 7. Bg2 Nf6 8. Nc3 Bd7 9. 0-0 0-0 10. b3 a6 11. Bb2 Rb8 12. a4 a5 13. h3 Re8 14. Rb1 Bf5 15. e4 Be6 16. Nd5 Nd7 17. Bxg7 Kxg7 18. Qd2 Nc5 19. Kh2 f6 20. Nce3 Bf7 21. Ng4 Nd7 22. f4 h5 23. Nge3 Nb6 24. Nc3 Nd7 25. Rfe1 Nc5 26. Ned5 h4 27. g4 e6 28. Ne3 e5 29. f5 Nd4 30. fxg6 Bxg6 31. Qd1 Nce6 32. Ncd5 Ng5 33. Nc2 Nge6 34. Rf1 Rf8 35. Nxd4 exd4 36. Rb2 Qe8 1/2-1/2

[Event "RUS-chT 11th"]
[Site "Sochi"]
[Date "2004.04.22"]
[Round "3.6"]
[White "Bocharov, Dmitry"]
[Black "Babiy, Anatoly"]
[Result "1-0"]
[WhiteElo "2567"]
[BlackElo "2471"]
[PlyCount "95"]
[EventDate "2004.04.20"]
[EventType "team-tourn"]
[EventRounds "9"]
[EventCountry "RUS"]
[SourceTitle "EXT 2020"]
[Source "ChessBase"]
[SourceDate "2019.10.17"]
[SourceVersion "1"]
[SourceVersionDate "2019.10.17"]
[SourceQuality "1"]
[WhiteTeam "Tomsk 400"]
[BlackTeam "Vladivostok Debiut-DVGU"]
[WhiteTeamCountry "RUS"]
[BlackTeamCountry "RUS"]

1. d4 Nf6 2. Nf3 g6 3. c4 Bg7 4. g3 0-0 5. Bg2 c6 6. Nc3 d5 7. cxd5 cxd5 8. Ne5 Nc6 9. Nxc6 bxc6 10. 0-0 Nd7 11. Be3 Nb6 12. b3 Bf5 13. Qd2 Re8 14. Rac1 Qd7 15. Rfd1 a5 16. Bh6 Bf6 17. e4 Bg4 18. f3 Bh3 19. Bxh3 Qxh3 20. e5 Bh8 21. Ne2 Rec8 22. Rc3 Nd7 23. Be3 Nb8 24. Nf4 Qd7 25. Nd3 Bg7 26. Kg2 Qa7 27. Rdc1 e6 28. h4 Qb6 29. h5 Nd7 30. Rh1 Bf8 31. Bf2 Qd8 32. Rc2 Be7 33. g4 Ra7 34. Rh3 Qf8 35. Rc1 Qd8 36. hxg6 fxg6 37. f4 Nf8 38. Rch1 Qe8 39. f5 exf5 40. gxf5 gxf5 41. Qh6 Bd8 42. Rg3+ Kh8 43. Nf4 Rcc7 44. Rh5 Rg7 45. Rxf5 Rxg3+ 46. Bxg3 Rg7 47. Rxf8+ Qxf8 48. Ng6+ 1-0

[Event "RUS-chT 10th Group2"]
[Site "Togliatti"]
[Date "2003.05.21"]
[Round "6"]
[White "Isajevsky, Anton"]
[Black "Babiy, Anatoly"]
[Result "1/2-1/2"]
[WhiteElo "2385"]
[BlackElo "2471"]
[PlyCount "63"]
[EventDate "2003.05.16"]
[EventType "team-tourn"]
[EventRounds "6"]
[EventCountry "RUS"]
[SourceTitle "EXT 2020"]
[Source "ChessBase"]
[SourceDate "2019.10.17"]
[SourceVersion "1"]
[SourceVersionDate "2019.10.17"]
[SourceQuality "1"]
[WhiteTeam "Kazan Ladya"]
[BlackTeam "Vladivostok Debiut-DVGU"]
[WhiteTeamCountry "RUS"]
[BlackTeamCountry "RUS"]

1. c4 Nf6 2. Nf3 g6 3. Nc3 c5 4. g3 Bg7 5. Bg2 0-0 6. 0-0 d5 7. cxd5 Nxd5 8. d4 Nc6 9. Nxd5 Qxd5 10. Be3 cxd4 11. Nxd4 Qa5 12. Nxc6 bxc6 13. Bf4 Bf5 14. e4 Be6 15. Qc2 c5 16. e5 Rac8 17. Bd2 Qc7 18. f4 Rfd8 19. Be3 Qa5 20. b3 c4 21. bxc4 Rxc4 22. Qf2 Rd7 23. Rfc1 Rxc1+ 24. Rxc1 f6 25. exf6 Bxf6 26. a4 Qxa4 27. Bc6 Rd1+ 28. Kg2 Bd5+ 29. Bxd5+ Rxd5 30. Bxa7 Qe4+ 31. Qf3 Rd2+ 32. Bf2 1/2-1/2

[Event "RUS-chT 06th"]
[Site "St Petersburg"]
[Date "1999.05.19"]
[Round "4"]
[White "Shaposhnikov, Evgeny"]
[Black "Babiy, Anatoly"]
[Result "1/2-1/2"]
[WhiteElo "2474"]
[BlackElo "2471"]
[PlyCount "55"]
[EventDate "1999.05.16"]
[EventType "team-tourn"]
[EventRounds "9"]
[EventCountry "RUS"]
[SourceTitle "EXT 2020"]
[Source "ChessBase"]
[SourceDate "2019.10.17"]
[SourceVersion "1"]
[SourceVersionDate "2019.10.17"]
[SourceQuality "1"]
[WhiteTeam "Murmansk OShK"]
[BlackTeam "Vladivostok Debiut-DVGU"]
[WhiteTeamCountry "RUS"]
[BlackTeamCountry "RUS"]

1. e4 c5 2. Nf3 d6 3. d4 cxd4 4. Nxd4 Nf6 5. f3 a6 6. c4 g6 7. Nc3 Bg7 8. Be3 0-0 9. Be2 Nc6 10. Nc2 Be6 11. Qd2 Qa5 12. Rc1 Rfc8 13. 0-0 Nd7 14. b4 Qd8 15. Nd5 Nce5 16. Na3 a5 17. b5 Nc5 18. Nb1 Ned7 19. Nbc3 Nb6 20. Nxb6 Qxb6 21. Nd5 Bxd5 22. cxd5 a4 23. Rc4 Qa5 24. Rfc1 a3 25. Kf1 Qxd2 26. Bxd2 b6 27. Bb4 Rc7 28. g3 1/2-1/2